Psychodynamics of Alcoholism (Record no. 35223)

MARC details
000 -LEADER
fixed length control field 00558nam a22001457a 4500
008 - FIXED-LENGTH DATA ELEMENTS--GENERAL INFORMATION
fixed length control field 090715t xxu||||| |||| 00| 0 eng d
050 ## - LIBRARY OF CONGRESS CALL NUMBER
Classification number HV5045
Item number .H37 1960
100 ## - MAIN ENTRY--PERSONAL NAME
Personal name Hartmark, A. D.
245 ## - TITLE STATEMENT
Title Psychodynamics of Alcoholism
Statement of responsibility, etc by A. D. Hartmark
260 ## - PUBLICATION, DISTRIBUTION, ETC. (IMPRINT)
Place of publication, distribution, etc Minneapolis
Name of publisher, distributor, etc Citizens' commission on Alcoholism, inc.
Date of publication, distribution, etc 1960
300 ## - PHYSICAL DESCRIPTION
Extent 128p. ;
Dimensions 23cm
650 ## - SUBJECT ADDED ENTRY--TOPICAL TERM
Source of heading or term Alcoholism
942 ## - ADDED ENTRY ELEMENTS (KOHA)
Source of classification or shelving scheme Library of Congress Classification
Item type Book
Holdings
Withdrawn status Lost status Source of classification or shelving scheme Damaged status Not for loan Collection code Home library Current library Shelving location Date acquired Total Checkouts Full call number Barcode Date last borrowed Copy number Price effective from Koha item type
    Library of Congress Classification     Non-fiction Nairobi Campus Nairobi Campus General Circulation 15/07/2009 7 HV5045 .H37 1960 009681 03/11/2018 1 15/07/2009 Book